Corporate Accounting Semester III 3.3/ (Record no. 175041)

MARC details
000 -LEADER
fixed length control field 00836nam a22002417a 4500
005 - DATE AND TIME OF LATEST TRANSACTION
control field 20200805132845.0
010 ## - LCCN (DPL NO)
LC control number ENG-128308
020 ## - INTERNATIONAL STANDARD BOOK NUMBER
Terms of availability 175.00
International Standard Book Number 97893528376475
035 ## - SYSTEM CONTROL NUMBER
System control number EN-111840
037 ## - SOURCE OF ACQUISITION
Source of stock number/acquisition DBAD/PUB
082 ## - DEWEY DECIMAL CLASSIFICATION NUMBER
Classification number 657
100 ## - MAIN ENTRY--PERSONAL NAME
Personal name Gupta,S C
245 ## - TITLE STATEMENT
Title Corporate Accounting Semester III 3.3/
Statement of responsibility, etc by M C Shukla, T S Grewal [and] S C Gupta ;edited by M P Gupta,B M Agarwal
Remainder of title as per B.COm. Curriculum, Bangalore University
260 ## - PUBLICATION, DISTRIBUTION, ETC. (IMPRINT)
Place of publication, distribution, etc New Delhi
Name of publisher, distributor, etc S.Chand
Date of publication, distribution, etc 2019
270 ## - ADDRESS
Address Head Office:7361,Ram Nagar,Qutab Rord
City New Delhi
Postal code 110055
Telephone number 23672080
Fax number 91-11-23677446
Electronic mail address info@schandpublishing.com
300 ## - PHYSICAL DESCRIPTION
Extent various pages.
Dimensions 24cm(pbk)
700 ## - ADDED ENTRY--PERSONAL NAME
Personal name Shukla, M C
700 ## - ADDED ENTRY--PERSONAL NAME
Personal name Grewal ,T S
700 ## - ADDED ENTRY--PERSONAL NAME
Personal name Gupta,S C
700 ## - ADDED ENTRY--PERSONAL NAME
Personal name Gupta,M P
700 ## - ADDED ENTRY--PERSONAL NAME
Personal name Agarwal,B M
942 ## - ADDED ENTRY ELEMENTS (KOHA)
Source of classification or shelving scheme Dewey Decimal Classification
Item type English Books
Classification part 657
Call number suffix GUP
Holdings
Withdrawn status Lost status Not for loan Collection code Home library Current library Date acquired Source of acquisition Cost, normal purchase price Full call number Barcode Copy number Cost, replacement price Koha item type
      Non-fiction Central Library Central Library 05/08/2020 DBAD/PUB 175.00 657 GUP EN-111840 1 175.00 English Books

© Delhi Public Library
Hit Counter
free hit counter